PR-SOF-1903-Solar Powered IOT Based Smart Irrigation System (Record no. 578922)
[ view plain ]
| 000 -LEADER | |
|---|---|
| fixed length control field | 00403nam a22001217a 4500 |
| 082 ## - DEWEY DECIMAL CLASSIFICATION NUMBER | |
| Classification number | 220 PRO |
| 100 ## - MAIN ENTRY--PERSONAL NAME | |
| Personal name | Obaidullah Nasir Saad Shahrukh Kiyani Muhammad Arslan Shahid |
| 9 (RLIN) | 73026 |
| 245 ## - TITLE STATEMENT | |
| Title | PR-SOF-1903-Solar Powered IOT Based Smart Irrigation System |
| 300 ## - PHYSICAL DESCRIPTION | |
| Extent | ISLAMABAD |
| Other physical details | NUST COLLEGE OF EME |
| Accompanying material | 2020 |
| 650 ## - SUBJECT ADDED ENTRY--TOPICAL TERM | |
| Topical term or geographic name entry element | DE-COMP-38 |
| 700 ## - ADDED ENTRY--PERSONAL NAME | |
| Personal name | Project Supervisor Dr. Muhammad Zeeshan |
| 9 (RLIN) | 73027 |
| 942 ## - ADDED ENTRY ELEMENTS (KOHA) | |
| Koha item type | Continuing Resources |
| Withdrawn status | Lost status | Damaged status | Not for loan | Collection code | Permanent Location | Current Location | Shelving location | Date acquired | Total Checkouts | Full call number | Barcode | Date last seen | Price effective from | Koha item type |
|---|---|---|---|---|---|---|---|---|---|---|---|---|---|---|
| College of Electrical & Mechanical Engineering (CEME) | College of Electrical & Mechanical Engineering (CEME) | General Stacks | 03/01/2021 | 220 PRO | PR-SOF-1903 | 06/28/2021 | 06/28/2021 | Continuing Resources |
